| 000 | 00454 a2200181 4500 | ||
|---|---|---|---|
| 005 | 20250422115603.0 | ||
| 008 | 250422b |||||||| |||| 00| 0 eng d | ||
| 020 |
_a9788175241624 _cRs. 1500.00 |
||
| 040 | _aMAIN | ||
| 082 |
_a613.7046 _bC361V |
||
| 100 | _aChandrashekhar, K, ed. | ||
| 245 | _aYoga for health | ||
| 260 |
_bKhel Sahitya Kendra _c2024 _aNew Delhi |
||
| 300 | _a383 | ||
| 650 | _aYoga | ||
| 650 | _xPhysical Education | ||
| 942 | _cBK | ||
| 999 |
_c359347 _d359347 |
||